Glosár k učebnici Sprache im Alltag ein Konversationsbuch für Fortgeschrittene

Saved in:
Bibliographic Details
Main Author: Kanisová, Zdenka
Corporate Author: Ekonomická univerzita v Bratislave. Ústav jazykov
Other Authors: Peczeová, Eleonóra, Piber, Clemens
Format: Book
Language:Slovak
German
Published: Bratislava Vydavateľstvo EKONÓM 2009
Subjects:
Tags: Add Tag
No Tags, Be the first to tag this record!

MARC

LEADER 00000nam$a2200000$$$4500
001 0090812
005 20240502072020.6
020 |a 978-80-225-2656-2 
041 0 |a slo 
041 0 |a ger 
044 |a SK 
245 1 0 |a Glosár k učebnici Sprache im Alltag  |b ein Konversationsbuch für Fortgeschrittene  |c Zdenka Kanisová 
264 1 |a Bratislava  |b Vydavateľstvo EKONÓM  |c 2009 
300 |a 101 s. 
610 2 0 |a jazyky cudzie 
610 2 0 |a jazykoveda 
610 2 0 |a terminológia 
100 1 |a Kanisová, Zdenka 
700 1 |a Peczeová, Eleonóra 
700 1 |a Piber, Clemens 
710 2 |a Ekonomická univerzita v Bratislave. Ústav jazykov